| 000 | 01645nam a22004457a 4500 | ||
|---|---|---|---|
| 001 | 000095366 | ||
| 003 | CHAP | ||
| 005 | 20220329143106.0 | ||
| 008 | 060309d2006 mx r 00110 spa d | ||
| 010 | _a91832 | ||
| 011 | _a92804 | ||
| 035 | _a103370 | ||
| 040 | _cCHAP | ||
| 090 | _aTesis | ||
| 100 | 1 |
_aAlvarez Castañeda, Javier. _94884 |
|
| 245 | 1 | 0 |
_aEvaluación del rendimiento de dos cepas de shiitake (Lentinula edodes) en sustratos con base en olote de maíz y viruta de encino / _c/por Javier Alvarez Castañeda. |
| 260 |
_aChapingo, Méx. : _bEl autor, _c2006. |
||
| 300 |
_a48 h. : _bilus. |
||
| 502 | _aTesis (Ing. Agr. Esp. en Fitotecnia) -- UACH. Departamento de Fitotecnia | ||
| 590 |
_aALEPH _b10 _c20130110 _lUCH01 _h1510 |
||
| 590 |
_aBATCH-UPD _b10 _c20130110 _lUCH01 _h0751 |
||
| 590 |
_aBATCH-UPD _b10 _c20130410 _lUCH01 _h0431 |
||
| 590 |
_aBATCH-UPD _b10 _c20130914 _lUCH01 _h0256 |
||
| 590 |
_aBATCH-UPD _b10 _c20140324 _lUCH01 _h1454 |
||
| 590 |
_aBATCH-UPD _b10 _c20141002 _lUCH01 _h0829 |
||
| 590 |
_aBATCH _b00 _c20181121 _lUCH01 _h0758 |
||
| 590 |
_aCONVERSION _b10 _c20130109 _lUCH01 _h1351 |
||
| 590 |
_aE12093SGE _b10 _c20130603 _lUCH01 _h1309 |
||
| 650 | 1 | 4 |
_aHongos comestibles. _956124 |
| 650 | 1 | 4 |
_aLentinula edodes. _966040 |
| 650 | 1 | 4 |
_aSustratos. _9110789 |
| 856 |
_3Finding aid _uhttp://10.13.5.2/tesis/103370.pdf _zTeclea aquí |
||
| 856 |
_a1 _n0000273 |
||
| 901 | _aBK | ||
| 905 | _aAlejandra Carrasco M. | ||
| 942 | _cCD | ||
| 942 | _n0 | ||
| 949 |
_aTesis _bBC _cTES _d00000001033701 _eTS1 _gDonaciØn _h44544 _i103370 _sb |
||
| 949 |
_aTesis _bBC _cTES _d33724000999827 _eTS2 _fc.2 _gDonaciØn _h44545 _i103370 _si |
||
| 999 |
_c91832 _d91832 |
||